Les douze travaux d'Hercule - Statistiques

Statistiques générales
  • Ce quiz a été pris 194 fois
  • Le résultat moyen est 8 sur 12
Statistiques - réponses
Hint Réponse % Correct
1 Lion de Némée
95%
2 Hydre de Lerne
90%
9 Ecuries d'Augias
86%
12 Chien Cerbère
76%
3 Sanglier d'Erymanthe
73%
5 Oiseaux du lac Stymphale
68%
4 Biche de Cerynie
65%
11 Pommes d'or du jardin des Hesperides
65%
6 Taureau du roi de Crête
59%
7 Juments de Diomède
54%
8 Ceinture d'Hyppolite
52%
10 Boeufs de Geryon
37%
Aucun quiz correspondant
Distribution des résultats
% des personnes avec chaque résultat
Percentile par nombre de réponses
Votre historique - résultats
Vous n’avez pas pris ce quiz